Fun Family Feud #1 - Statistics

General Stats
  • This quiz has been taken 78 times
  • The average score is 8 of 30
Answer Stats
# Cold Things % Correct
Cold Things Ice
98%
Cold Things Snow
73%
Cold Things Ice Cream
59%
Cold Things Freezer
45%
Big Things Elephant
44%
Cold Things Fridge
44%
Fun Activities Sports
39%
Cold Things Antarctica
36%
Big Things Sun
33%
Cold Things Ocean
30%
Big Things Sky
23%
Cold Things Winter
23%
Big Things House
22%
Fun Activities Swimming
22%
Fun Activities Video Games
22%
Big Things Universe
20%
Big Things Moon
19%
Big Things Mountain
19%
Cold Things Outer Space
16%
Big Things Whale
16%
Fun Activities Eating
14%
Cold Things Hail
13%
Fun Activities Bowling
11%
Fun Activities Painting
11%
Big Things Russia
11%
Big Things Jupiter
9%
Fun Activities Music
6%
Fun Activities Puzzles
5%
Fun Activities Traveling
3%
Fun Activities Card Games
2%
No matching quizzes found
Score Distribution
Percent of People with Each Score
Percentile by Number Answered
Your Score History
You have not taken this quiz